Το κλειδί της θεοσοφίας

Saved in:
Bibliographic Details
Main Author: Blavatsky, H. P. (Helena Petrovna), 1831-1891
Other Authors: Σακελλαρίου-Κανδύλη, Μαρίκα Ι. (trlf)
Format: Book
Language:Greek
English
Published: Αθήνα : Θεοσοφικαί εκδόσεις ΣΥΝ.Π.Ε., 1959.
Subjects:
Tags: Add Tag
No Tags, Be the first to tag this record!

MARC

LEADER 00000cam a2200000 i 4500
001 1/101487
008 090219s1959 gr | ||| |||| ||gre||
035 |l 10103281 
040 |a GR-MyUA  |b gre  |e AACR2 
041 0 |a gre  |h eng 
082 0 |a 299.934  |2 (22) 
100 1 |a Blavatsky, H. P.   |q (Helena Petrovna),   |d 1831-1891. 
245 1 3 |a Το κλειδί της θεοσοφίας /   |c Έλενα Πέτροβνα Μπλαβάτσκυ ; μετάφραση απο το Αγγλικό πρώτοτυπο (τρίτη - αναθεωρημένη έκδοση 1893) Μαρίκας Ι. Σακελλαρίου-Κανδήλη.  
260 |a Αθήνα :   |b Θεοσοφικαί εκδόσεις ΣΥΝ.Π.Ε.,   |c 1959.  
300 |a [311] σ. ;   |c 21 εκ.  
650 0 0 |a Theosophy. 
700 1 |a Σακελλαρίου-Κανδύλη, Μαρίκα Ι.  |e trlf 
852 |a INST  |b SAMOS  |c MAG  |e 20090219  |h 299.934 BLA  |p 005300029313  |q 005300029313  |t BK  |y 0 
901 |a BIBL3-2009-1 
909 |a Σ  |b 155656 
970 |a ΣΙΤΖΙΜΗ  |b ΓΙΑΣΕΜΗ  |z 2009/02/19